000 00268nam a2200097Ia 4500
001 647159
005 20250826153657.0
008 250824s9999 xx 000 0 und d
245 0 _aKURTULUŞUN KAHRAMANLARI 9 YÖRÜK ALİ EFE
_cİSMAİL BİLGİN
260 _bTİMAŞ ÇOCUK
999 _c647159
_d647159